[Event "EUYCC 2022 - U10"]
[Site "?"]
[Date "2022.08.23"]
[Round "2.7"]
[White "Koutecka, Magdalena"]
[Black "Kusova, Nikola"]
[Result "0-1"]
yCO??0"]
[WhiteElo "1042"]
[BlackElo "1224"]
[PlyCount "40"]
[EventDate "2022.??.??"]

1. d4 d5 2. e4 dxe4 3. Nc3 Nf6 4. Bg5 Nc6 5. Bb5 Bf5 6. f3 exf3 7. Nxf3 e6 8.
Qe2 Bd6 9. O-O-O O-O 10. d5 Nb4 11. Rhe1 Nxc2 12. Rf1 Nb4 13. Qf2 a6 14. Be2
Qe7 15. Qh4 h6 16. Bxf6 Qxf6 17. Qh5 Bf4+ 18. Nd2 Bc2 19. Rde1 Bxd2+ 20. Kxd2
Qd4+ 0-1